Entry Personal Name
Number of records used in: 4
001 - CONTROL NUMBER
003 - CONTROL NUMBER IDENTIFIER
005 - DATE AND TIME OF LATEST TRANSACTION
- control field:
20200210123908.0
008 - FIXED-LENGTH DATA ELEMENTS
- fixed length control field:
830413n| azannaabn |b aaa
010 ## - LIBRARY OF CONGRESS CONTROL NUMBER
- LC control number:
n 82162484
- Canceled/invalid LC control number:
n 85219463
035 ## - SYSTEM CONTROL NUMBER
- System control number:
(OCoLC)oca00858396
040 ## - CATALOGING SOURCE
- Original cataloging agency:
DLC
- Language of cataloging:
eng
- Description conventions:
rda
- Transcribing agency:
DLC
- Modifying agency:
DLC
- Modifying agency:
NNU
- Modifying agency:
DLC
- Modifying agency:
InU
- Modifying agency:
OCoLC
- Modifying agency:
DLC
- Modifying agency:
NjP
046 ## - SPECIAL CODED DATES
- Birth date:
1917
- Death date:
1996-03-10
- Source of date scheme:
edtf
100 1# - HEADING--PERSONAL NAME
- Personal name:
Ghazālī, Muḥammad,
- Dates associated with a name:
1917-1996
375 ## - GENDER
377 ## - ASSOCIATED LANGUAGE
400 1# - SEE FROM TRACING--PERSONAL NAME
- Personal name:
Ghazzālī, Muḥammad,
- Dates associated with a name:
1917-1996
400 1# - SEE FROM TRACING--PERSONAL NAME
- Personal name:
Ghazali, Mohammed,
- Dates associated with a name:
1917-1996
400 1# - SEE FROM TRACING--PERSONAL NAME
- Control subfield:
nnaa
- Personal name:
Ghazzālī, Muḥammad
400 1# - SEE FROM TRACING--PERSONAL NAME
- Personal name:
Alghazali, M.,
- Dates associated with a name:
1917-1996
400 1# - SEE FROM TRACING--PERSONAL NAME
- Personal name:
Al-Ghazali, Muhammad,
- Dates associated with a name:
1917-1996
400 1# - SEE FROM TRACING--PERSONAL NAME
- Personal name:
Gazali, Muhammed,
- Dates associated with a name:
1917-1996
400 1# - SEE FROM TRACING--PERSONAL NAME
- Personal name:
الغزالي، محمد،
- Dates associated with a name:
1917-1996
400 1# - SEE FROM TRACING--PERSONAL NAME
- Personal name:
غزالى، محمد،
- Dates associated with a name:
1917-1996
400 1# - SEE FROM TRACING--PERSONAL NAME
- Personal name:
غزالي محمد
400 1# - SEE FROM TRACING--PERSONAL NAME
- Personal name:
محمد الغزالي
400 1# - SEE FROM TRACING--PERSONAL NAME
- Personal name:
Alʹ-Gazali, Mukhammad,
- Dates associated with a name:
1917-1996
400 1# - SEE FROM TRACING--PERSONAL NAME
- Personal name:
Аль-Газали, Мухаммад,
- Dates associated with a name:
1917-1996
670 ## - SOURCE DATA FOUND
- Source citation:
His Mushkilāt fī ṭarīq al-ḥayāh al-Islāmīyah, 1402 i.e. 198 :
- Information found:
t.p. (Muḥammad al-Ghazālī) p. 4 of cover (b. 1917)
670 ## - SOURCE DATA FOUND
- Source citation:
His La foi du musulman, 1988:
- Information found:
t.p. (Mohammed Ghazali)
670 ## - SOURCE DATA FOUND
- Source citation:
LC manual auth. cd.
- Information found:
(hdg.: al-Ghazzālī, Muḥammad)
670 ## - SOURCE DATA FOUND
- Source citation:
al-Ḥaqīqah al-ghāʼibah bayna ... 1997:
- Information found:
t.p. (Muḥammad al-Ghazālī) p. 9 (d. Mar. 10, 96)
670 ## - SOURCE DATA FOUND
- Source citation:
Muslim's character, 199-?:
- Information found:
t.p. (M. Alghazali)
670 ## - SOURCE DATA FOUND
- Source citation:
Fiqh-us-seerah, 1999:
- Information found:
t.p. (Muhammad Al-Ghazali [in rom.])
670 ## - SOURCE DATA FOUND
- Source citation:
Karakteri i muslimanit, 2001:
- Information found:
t.p. (Muhammed Gazali)
670 ## - SOURCE DATA FOUND
- Source citation:
Ghazālī, Muḥammad. Maqālāt al-Shaykh Muḥammad al-Ghazālī fī majallat al-Waʻy al-Islāmī, 2011:
- Information found:
title page (الشيخ محمد الغزالي = al-Shaykh Muḥammad al-Ghazālī)
670 ## - SOURCE DATA FOUND
- Source citation:
Tematicheskie kommentarii k Koranu, 2013-214:
- Information found:
t.p. (Мухаммад аль-Газали = Mukhammad al -Gazali)